Facing up to inequality in Latin America : (Registro nro. 5609)

Detalles MARC
000 -CABECERA
Campo de control 01189nam a2200265 a 4500
005 - FECHA Y HORA DE LA ULTIMA TRANSACCION
Campo de control 20170920092812.0
008 - ELEMENTOS DE LONGITUD FIJA—INFORMACION GENERAL
Campo de control 981026s1998 dcuao s 000 0 eng
020 ## - ISBN
ISBN 1886938369
040 ## - FUENTE DE CATALOGACIÓN
Agencia catalogadora original DLC
Agencia transcriptora DLC
Agencia Modificadora CO-BoIAVH
041 0# - IDIOMA
Código de idioma para texto/pista de sonido o título separado Español
044 ## - PAÍS DE PUBLICACIÓN
País de publicación Colombia
082 04 - NUMERO DE CLASIFICACION DECIMAL DEWEY
Número de clasificación 339.4
Número del ítem F11i
245 00 - MENCION DE TITULO
Título Facing up to inequality in Latin America :
Parte restante del título economic and social progress in Latin America : 1998-1999 report.
246 1# - FORMA VARIANTE DEL TITULO
Título propiamente dicho/forma breve del título Economic and social progress in Latin America, 1998-1999 report.
260 ## - PUBLICACION, DISTRIBUCION, ETC. (PIE DE IMPRENTA)
Lugar de publicación, distribución, etc. Washington, D.C. (EE.UU.) :
Nombre del editor, distribuidor, etc. Inter-American Development Bank,
Fecha de publicación, distribución, etc. 1998.
300 ## - DESCRIPCION FISICA
Extensión 282 páginas :
Otros detalles físicos ilustraciones a color, tablas y gráficas ;
Dimensiones 28 x 22 cm.
504 ## - NOTA DE BIBLIOGRAFIA, ETC.
Nota de bibliografía Incluye referencias bibliográficas.
580 ## - LINKING ENTRY COMPLEXITY NOTE
Linking entry complexity note Issued as 1998/1999 report of Economic and social progress in Latin America.
650 26 - ASIENTO SECUNDARIO DE MATERIA - TERMINO TEMATICO
Término temático o nombre geográfico como elemento de entrada Distribución del ingreso
Subdivisión geográfica América Latina
Subdivisión general Estadísticas
9 (RLIN) 84652
651 26 - ASIENTO SECUNDARIO DE MATERIA - NOMBRE GEOGRAFICO
Nombre geográfico América Latina
Subdivisión general Condiciones económicas
Subdivisión cronológica 1982-
9 (RLIN) 84653
651 26 - ASIENTO SECUNDARIO DE MATERIA - NOMBRE GEOGRAFICO
Nombre geográfico América Latina
Subdivisión general Condiciones sociales
Subdivisión cronológica 1982-
9 (RLIN) 84654
710 2# - ASIENTO SECUNDARIO - NOMBRE CORPORATIVO
Nombre corporativo o de jurisdicción como elemento de entrada Inter-American Development Bank.
9 (RLIN) 84655
772 1# - SUPPLEMENT PARENT ENTRY
Title Economic and social progress in Latin America.
International Standard Serial Number 0095-2850
Record control number (UkOxU)011827437
942 ## - ELEMENTOS ADICIONALES (KOHA)
Sistema de clasificación Dewey Decimal Classification
Tipo de ítem Libro
Existencias
Withdrawn status Lost status Sistema de Clasificación Damaged status No para préstamo Colección Inventariado Ubicación Permanente Ubicación actual Fecha de adquisición Fuente de Valor Valor Total Checkouts Número topográfico Inventario / Código de Barras Date last seen Ejemplar Price effective from Forma de adquisición Tipo de material
    Dewey Decimal Classification     General Inventariado 2017 Bogotá Bogotá 14/06/2007 Doyle, Peter; López, Susana 39000.00   LB-339.4 F11i 024506 04/12/2012 Ej. 1 04/12/2012 Donación Libro